000
00330nam a2200133Ia 4500
008
220613s9999||||xx |||||||||||||| ||und||
100
_a
Rangwala,S.C.
245
0
_a
Water Supply and Sanitary Engineering
250
_a
29th,(2016)
260
_b
Gujarat: Charotar Publishing House
300
_a
784
650
_a
CE
942
_c
ENG
999
_c
13428
_d
13428